शिक्षण तकनीकी / (Record no. 51135)

MARC details
000 -LEADER
fixed length control field 01155nam a22002777a 4500
005 - DATE AND TIME OF LATEST TRANSACTION
control field 20080929101452.0
008 - FIXED-LENGTH DATA ELEMENTS--GENERAL INFORMATION
fixed length control field 080929t xxu||||| |||| 00| 0chin d
010 ## - LCCN (DPL NO)
LC control number HIN-92070
020 ## - INTERNATIONAL STANDARD BOOK NUMBER
International Standard Book Number 8189821083
Terms of availability 400.00
020 ## - INTERNATIONAL STANDARD BOOK NUMBER
International Standard Book Number 9788189821081
035 ## - SYSTEM CONTROL NUMBER
System control number HN-64416
037 ## - SOURCE OF ACQUISITION
Source of stock number/acquisition DBAD / PUB
040 ## - CATALOGING SOURCE
Original cataloging agency DPL
Language of cataloging HN
082 ## - DEWEY DECIMAL CLASSIFICATION NUMBER
Classification number 371.33
100 ## - MAIN ENTRY--PERSONAL NAME
Personal name जय प्रकाश सिंह
9 (RLIN) 26640
245 ## - TITLE STATEMENT
Title शिक्षण तकनीकी /
Statement of responsibility, etc जय प्रकाश सिंह एवं दिलीप यादव
246 ## - VARYING FORM OF TITLE
Title proper/short title Shikshan takniki
Remainder of title by Jaiparkash singh
260 ## - PUBLICATION, DISTRIBUTION, ETC. (IMPRINT)
Place of publication, distribution, etc दिल्ली
Name of publisher, distributor, etc अर्पिता प्रकाशन
Date of publication, distribution, etc 2010
270 ## - ADDRESS
Address बी-424/21, भजनपुरा
City दिल्ली
Telephone number 011-65796579
300 ## - PHYSICAL DESCRIPTION
Extent 208पृ.
Dimensions 22सेमी (सजिल्द)
650 ## - SUBJECT ADDED ENTRY--TOPICAL TERM
9 (RLIN) 697
650 ## - SUBJECT ADDED ENTRY--TOPICAL TERM
9 (RLIN) 698
700 ## - ADDED ENTRY--PERSONAL NAME
9 (RLIN) 26643
Personal name यादव, दिलीप
942 ## - ADDED ENTRY ELEMENTS (KOHA)
Source of classification or shelving scheme Dewey Decimal Classification
Item type Hindi Books
Classification part 371.33
Call number suffix जयप्र
Holdings
Withdrawn status Lost status Source of classification or shelving scheme Damaged status Not for loan Collection code Home library Current library Date acquired Source of acquisition Cost, normal purchase price Total Checkouts Full call number Barcode Date last seen Copy number Cost, replacement price Koha item type
    Dewey Decimal Classification   Not For Loan Non-fiction D.B.Act.Division D.B.Act.Division 17/03/2011 DBAD / PUB 400.00   371.33 जयप्र HN-64416 17/03/2011 1 400.00 Hindi Books

© Delhi Public Library
Hit Counter
free hit counter